| 000 | 00435nam a22001457a 4500 | ||
|---|---|---|---|
| 999 |
_c108490 _d108490 |
||
| 005 | 20181020123220.0 | ||
| 008 | 181020b ||||| |||| 00| 0 eng d | ||
| 040 | _cPK-LaUMT | ||
| 082 |
_a294.3 _bQAM-M |
||
| 100 | _aQamar Ajnalvi = قمر اجنالوی | ||
| 245 |
_aMoqadass morti = مقدس مورتی / _cQamar Ajnalvi = قمر اجنالوی |
||
| 260 |
_aLahore : _bMaktabah al-Quresh, _c2013 |
||
| 300 | _a800 p. | ||
| 942 | _cBK | ||